| 000 | 00584nam a2200181 4500 | ||
|---|---|---|---|
| 001 | 148665 | ||
| 003 | ES-MaACL | ||
| 005 | 20230906202744.0 | ||
| 007 | t| | ||
| 008 | 070214s1970 sp r ||||1| spa d | ||
| 100 | 1 |
_aSturdza, Michel _cPríncipe de. _9108508 |
|
| 245 | 1 | 3 |
_aEl suicidio de Europa / _cPríncipe Sturdza ; [versión... de Ovidio Tarlea]. |
| 250 | _a[1ª ed.]. | ||
| 260 |
_aBarcelona : _bCaralt, _c1970 ( _eAndorra : _fCasal i Vall) |
||
| 300 |
_a399 p., 14 lám. : _b1 map. ; _c22 cm. |
||
| 700 | 1 |
_aTarlea, Ovidio. _9109301 |
|
| 852 |
_aES-MaACL _jC-38421 _bR.76423 |
||
| 999 |
_c148665 _d148665 |
||